Cities in Zimbabwe - Statistics

General Stats
  • This quiz has been taken 7 times
  • The average score is 5 of 16
Answer Stats
Hint Answer % Correct
699,385 Bulawayo
100%
1,542,813 Harare
100%
184,205 Mutare
71%
146,073 Gweru
57%
35,761 Victoria Falls
43%
79,174 Kadoma
29%
99,149 Kwekwe
29%
52,082 Marondera
29%
76,290 Masvingo
29%
37,423 Bindura
14%
61,739 Chinhoyi
14%
340,360 Chitungwiza
14%
35,896 Zvishavane
14%
47,294 Chegutu
0%
123,250 Epworth
0%
52,054 Norton
0%
No matching quizzes found
Score Distribution
Percent of People with Each Score
Percentile by Number Answered
Your Score History
You have not taken this quiz